1812 1849 1960 1506 1288 1250 1837 1217 1195 1989 1762 1487 1091 1690 1613 1803 1109 1705 1502 1564 1899 1167 1767 1711 1371 1391 1863 1361 1733 1591 1389 1771 1044 1566 1687 1336 1945 1321 1888 1674 1731 1393 1945 1548 1805 1023 1532 1692 1269 1122 1389 1541 1962 1045 1894 1108 1786 1218 1255 1407 1905 1255 1223 1012 1205 1448 1592 1928 1853 1403 1692 1371 1012 1207 1355 1329 1043 1696 1531 1760 1843 1330 1197 1988 1230 1796 1902 1400 1756 1182 1221 1371 1095 1532 1776 1362 1499 1051 1951 BCNSPRNW ULIB Ver.6.0+V

เปลี่ยนเป็นภาษาไทย

Change to English
 แสดงรายละเอียดบรรณานุกรม
  กลับหน้าหลัก

Brief Record : Get Marc (ISO 2709) : E-mail record : QR code < ปิดหน้าต่าง
LEADER : 00000nam 2200000uu 4500
001    13399127626
003     ULIB
008    210311s2561||||th 000 0 tha d
020    ^a9786164682337
060  4 ^aWG169^bอ978ส
100 0  ^aโอภาส ศรัทธาพุทธ, บรรณาธิการ
245 00 ^aสาระสำคัญทางศัลยศาสตร์หัวใจ = ^bEssentials of heart surgery /^cบรรณาธิการ, โอภาส ศรัทธาพุทธ
250    ^aพิมพ์ครั้งที่ 1
260    ^aปทุมธานี : ^bโรงพิมพ์มหาวิทยาลัยธรรมศาสตร์, ^c2561
300    ^a356 หน้า :^bภาพประกอบสี ;^c28 ซม
500    ^aผู้ใหญ่
504    ^aบรรณานุกรมท้ายบทและดรรชนีท้ายเล่ม
505 0  ^aประวัติศัลยกรรมหัวใจ -- ศัลยกายวิภาคของหัวใจ --การดูแลผู้ป่วยในระยะปริศัลยกรรม -- Cardiopulmonary bypassสำหรับการผ่าตัดหัวใจ -- วัสดุเทียมที่ใช้ในระบบหัวใจและหลอดเลือด --โรคหัวใจพิการแต่กำเนิด -- โรคลิ้นหัวใจที่เกิดขึ้นภายหลัง --การรักษาโรคหัวใจขาดเลือดด้วยวิธีศัลยกรรม --การรักษาภาวะหัวใจวายด้วยวิธีศัลยกรรม --หลอดเลือดเอออร์ตาในช่องอกโป่งพอง และการฉีกเซาะของผนังเอออร์ตา --การผ่าตัดในโรคของเยื่อหุ้มหัวใจ -- เนื้องอกของหัวใจ
650  2 ^aThoracic surgery
650  7 ^aหัวใจ^xศัลยกรรม
650  0 ^aมหาวิทยาลัยธรรมศาสตร์
700 0  ^aโอภาส ศรัทธาพุทธ,^eบรรณาธิการ
710 2  ^aมหาวิทยาลัยธรรมศาสตร์.^bคณะแพทยศาสตร์
945    ^p850^l0^i007920
945    ^p850^l0^i007921
945    ^p850^l0^i007922
999    ^aประนอม เกษจรัล
รายการนี้ยังไม่มีแท็ก
คุณยังไม่ได้ล็อกอิน คุณสามารถมีกิจกรรมร่วมกับเว็บไซต์ได้ แต่ต้องล็อกอินก่อน ::
  ล็อกอิน

รายการสื่อสารสนเทศ

ลำดับที่ ประเภท เลขเรียก/บาร์โค้ด สถานที่ สถานะ
1. วิทยาศาสตร์การแพทย์ และสุขภาพ
หนังสือสำรอง
สถานะ=หนังสือสำรอง
WG169 อ978ส ฉ.1 
  Barcode: 007920
ห้องสมุดวิทยาเขตสวรรค์ประชารักษ์
►หนังสือทั่วไป
บนชั้น
2. วิทยาศาสตร์การแพทย์ และสุขภาพ
วิทยาศาสตร์การแพทย์ และสุขภาพ
WG169 อ978ส ฉ.2 
  Barcode: 007921
ห้องสมุดวิทยาเขตสวรรค์ประชารักษ์
►หนังสือทั่วไป
ถูกยืม กำหนดส่งวันที่ 8 มีนาคม 2567
  จอง
3. วิทยาศาสตร์การแพทย์ และสุขภาพ
วิทยาศาสตร์การแพทย์ และสุขภาพ
WG169 อ978ส ฉ.3 
  Barcode: 007922
ห้องสมุดวิทยาเขตสวรรค์ประชารักษ์
►หนังสือทั่วไป
บนชั้น

รายการใกล้เคียง
    ผู้แต่ง [โอภาส ศรัทธาพุทธ, บรรณาธิการ]

    หัวเรื่อง [Thoracic surgery]
    หัวเรื่อง [มหาวิทยาลัยธรรมศาสตร์]

BibComment


ยังไม่เคยถูกคอมเมนท์

คอมเมนท์ทรัพยากรรายการนี้
  คอมเมนท์: สาระสำคัญทางศัลย..


 Copyright 2026. Bcnsprnw @Library